000 00967cab a2200253 4500
001 WB3110-01
008 090401t1995 xxu||||| |||| 00| 0 eng d
035 _a(Sirsi) u22417
041 _aeng
245 _aArbitration service for homebuyers
260 _c1995
350 _a0
490 _aProperty Week
_v50(10) 9 March 1995, 10(1)
520 _aEstablishment of a conciliation and arbitration service for homebuyers dissatisfied with a surveyor`s report and valuation is to be discussed by RICS, ISVA and the Consumers` Association, following the latter`s report on residential surveyors.
650 _aCONCILIATION SERVICE
650 _aCONSUMERS ASSOCIATION
650 _aRICS HOMEBUYER SURVEY AND VALUATION
650 _aHOMEBUYERS
650 _aREDRESS
690 _aMANAGEMENT-DISPUTE AVOIDANCE, MANAGEMENT AND RESOLUTION-DISPUTE MANAGEMENT AND RESOLUTION-ARBITRATION
690 _aRATING AND VALUATION
942 _n0
948 _c04/03/1997
999 _c15017
_d15017